Illustrated guide to nature : (Record no. 1134)

MARC details
000 -LEADER
fixed length control field 01778cam a2200409 i 4500
005 - DATE AND TIME OF LATEST TRANSACTION
control field 20260322212048.0
008 - FIXED-LENGTH DATA ELEMENTS--GENERAL INFORMATION
fixed length control field data
010 ## - LIBRARY OF CONGRESS CONTROL NUMBER
LC control number 2013007278
020 ## - INTERNATIONAL STANDARD BOOK NUMBER
International Standard Book Number 9781426211744 (trade : alk. paper)
020 ## - INTERNATIONAL STANDARD BOOK NUMBER
International Standard Book Number 1426211740 (trade : alk. paper)
020 ## - INTERNATIONAL STANDARD BOOK NUMBER
International Standard Book Number 9781426213090 (regular)
020 ## - INTERNATIONAL STANDARD BOOK NUMBER
International Standard Book Number 9781426212550 (delux)
040 ## - CATALOGING SOURCE
Original cataloging agency DLC
Language of cataloging eng
Transcribing agency DLC
Description conventions rda
Modifying agency DLC
042 ## - AUTHENTICATION CODE
Authentication code pcc
043 ## - GEOGRAPHIC AREA CODE
Geographic area code n------
050 00 - LIBRARY OF CONGRESS CALL NUMBER
Classification number QH102
Item number .I45 2013
082 00 - DEWEY DECIMAL CLASSIFICATION NUMBER
Classification number 508.73
Edition information 23
092 ## - LOCALLY ASSIGNED DEWEY CALL NUMBER (OCLC)
Classification number 508.73 Nat 2014
001 - CONTROL NUMBER
control field data
245 10 - TITLE STATEMENT
Title Illustrated guide to nature :
Remainder of title from your back door to the great outdoors : wildflowers, trees & shrubs, rocks & minerals, weather, night sky.
260 ## - PUBLICATION, DISTRIBUTION, ETC.
Date of publication, distribution, etc. 2014
264 #1 - PRODUCTION, PUBLICATION, DISTRIBUTION, MANUFACTURE, AND COPYRIGHT NOTICE
Place of production, publication, distribution, manufacture Washington, D.C. :
Name of producer, publisher, distributor, manufacturer National Geographic Society,
Date of production, publication, distribution, manufacture, or copyright notice 2013.
300 ## - PHYSICAL DESCRIPTION
Extent 446 pages :
Other physical details color illustrations ;
Dimensions 26 cm
336 ## - CONTENT TYPE
Content type term text
Source rdacontent
337 ## - MEDIA TYPE
Media type term unmediated
Source rdamedia
338 ## - CARRIER TYPE
Carrier type term volume
Source rdacarrier
504 ## - BIBLIOGRAPHY, ETC. NOTE
Bibliography, etc. note Includes bibliographical references and index.
505 00 - FORMATTED CONTENTS NOTE
Formatted contents note Introduction --
Title Night sky /
Statement of responsibility Catherine Herbert Howell.
Title Trees & shrubs /
Statement of responsibility Bland Crowder --
Title Rocks & minerals /
Statement of responsibility Sarah Garlick --
Title Weather /
Statement of responsibility Jack Williams --
Title Night sky /
Statement of responsibility Catherine Herbert Howell.
650 #0 - SUBJECT ADDED ENTRY--TOPICAL TERM
Topical term or geographic name entry element Natural history
Geographic subdivision North America.
650 #0 - SUBJECT ADDED ENTRY--TOPICAL TERM
Topical term or geographic name entry element Plants
Geographic subdivision North America
Form subdivision Identification.
650 #0 - SUBJECT ADDED ENTRY--TOPICAL TERM
Topical term or geographic name entry element Rocks
Geographic subdivision North America
Form subdivision Identification.
651 #0 - SUBJECT ADDED ENTRY--GEOGRAPHIC NAME
Geographic name North America
General subdivision Climate.
720 2# - ADDED ENTRY--UNCONTROLLED NAME
Name National Geographic Society (U.S.)
906 ## - LOCAL DATA ELEMENT F, LDF (RLIN)
a 7
b cbc
c orignew
d 1
e ecip
f 20
g y-gencatlg
925 0# -
-- acquire
-- 2 shelf copies
-- Sel/rjc, 2014-06-03
955 ## - COPY-LEVEL INFORMATION (RLIN)
-- rd13 2013-06-05
-- rl09 2014-06-10 c. 2 added ; to CALM [c. 2 assigned to Sci RR]
-- rl09 2014-06-10 c. 2 added ; to CALM [c. 2 assigned to Sci RR]
Holdings
Withdrawn status Lost status Damaged status Not for loan Home library Current library Shelving location Date acquired Total checkouts Full call number Barcode Date last seen Price effective from Koha item type
        Riverside Riverside General stacks 22/03/2026   508.73 23 BC0011172 22/03/2026 22/03/2026 Books